| 000 | 00745nam a2200229Ia 4500 | ||
|---|---|---|---|
| 008 | 191130s2003##################000#0#eng## | ||
| 020 | _a9780750649568 | ||
| 022 | _a2002043905 | ||
| 040 |
_aACL _cACL |
||
| 082 | _a362.38 MAR | ||
| 245 |
_aLearning disabilities : themes and perspectives _cEdited by Anne Markwick, Alan Parrish ; foreword by David Sines |
||
| 260 |
_aEdinburgh ; New York _bButterworth-Heinemann _c2003 |
||
| 300 | _ax, 206 p. : ill. ; 25 cm | ||
| 500 | _aIncludes bibliographical references and index | ||
| 650 | _aLearning disabilities | ||
| 650 | _aLearning disabled | ||
| 700 | _aMarkwick, Anne | ||
| 700 | _aParrish, Alan | ||
| 990 | _a8ace86ddac10000c117a5833fdf38544 | ||
| 991 | _a101690 | ||
| 999 |
_c230576 _d230576 |
||